Munich A-Z - Statistics

General Stats
  • This quiz has been taken 23 times
  • The average score is 16 of 25
Answer Stats
# Hint Answer % Correct
B State of with Munich is the capital Bavaria
100%
A On a clear day you can catch a glimpse of this mountain range when turning south Alps
95%
N First name of a Famous French Emperor and ally of Bavaria from 1805 to 1813 Napoleon
77%
O Yearly traditional festivity that starts the first Saturday after the 15 September and lasts around 3 weeks Oktoberfest
77%
Q At age 15 or 16, Isabella of Bavaria was sent to Paris to marry the young Charles VI, and became what due to this marriage in 1389? Queen of France
73%
T The summer olympics of 1972 where interrupted the fifth of September due to? Terrorism
73%
U Country that occupied the city of Munich and Bavaria after the WWII defeat of nazi-Germany United States of America
73%
K Type of state that bavaria was from 1806 to 1918 (Think of what type of persons ruled it) Kingdom
68%
C Acronym for the leading Bavarian political party, united to the CDU party (3 letters) CSU
64%
J In 1933 around 10.000 persons of this group lived in Munich but by 1944 their number went down to under a 100 persons. Jewish comunity
64%
Y Color of the Metro Station Sendlinger-Tor or of the recycling bins in the city Yellow
64%
E Big garden along the Isar river that flows through Munich Englischer Garten
59%
F Name of the church in city center that is an symbol for munich Frauenkirche
59%
H World famous 500 year old beer hall and brevery that was frequented by famous names like Lenin or Mozart, and where Hitler founded the Nazi Party NSDAP. Hofbräuhaus
59%
S Crystalline material that made Munich rich for having exclusive trade rights in the 14th century; essential for food Salt
59%
P Name of 3 famous Munich art galleries ( The modern- The Old and The new P...?) Pinakothek
55%
R This cost of living is higher than any other german city Rent
55%
W The chinese Tower in the Garten from #E is built out of this material Wood
55%
G Daily at 11am and 12 noon, this starts in the tower of the New City Hall (Neues Rathaus) at Marienplatz. (This word is also a german word for a percussion instrument used in the english language) Glockenspiel
50%
Z What is Hellabrunn famous for? Zoo
50%
D 3 Letter acronym for the Performance Index of which 9 from 40 companies are from Munich DAX
45%
I Name of the historic gate, part of Munich’s old city walls. It is also a name for a metro and S-Bahn Station. Isartor
45%
L Famous university in the city center that you run into if you get off at the metro station "Universität" Ludwig-Maximilian-Universität
45%
V Market place in the city center Viktualienmarkt
45%
M "Munich" in Bavarian Minga
41%
No matching quizzes found
Score Distribution
Percent of People with Each Score
Percentile by Number Answered
Your Score History
You have not taken this quiz